| 000 | 00847cam a22002413a 4500 | ||
|---|---|---|---|
| 001 | 15715 | ||
| 003 | PGUSA | ||
| 005 | 20140828083333.0 | ||
| 008 | 050426s2005||||xxu|||||s|||||000 | eng d | ||
| 040 |
_aPGUSA _beng |
||
| 042 | _adc | ||
| 050 | 4 | _aUB | |
| 100 | 1 |
_aBaden-Powell of Gilwell, Robert Stephenson Smyth Baden-Powell, Baron, _d1857-1941 |
|
| 245 | 1 | 0 |
_aMy Adventures as a Spy _h[electronic resource] / _cRobert Stephenson Smyth Baden-Powell, Baron Baden-Powell of Gilwell |
| 260 |
_bProject Gutenberg, _c2005 |
||
| 506 | _aPublic domain in the USA. | ||
| 516 | _aElectronic text | ||
| 653 | _aSpies -- Great Britain -- Biography | ||
| 653 | _aBaden-Powell of Gilwell, Robert Stephenson Smyth Baden-Powell, Baron, 1857-1941 | ||
| 830 | 0 |
_aProject Gutenberg _v15715 |
|
| 856 | 4 | 0 | _uhttp://www.gutenberg.org/ebooks/15715 |
| 942 | _cEB | ||
| 999 |
_c244970 _d244970 |
||